000 00557nab a2200157Ia 4500
003 ES-SlBCS
005 20210601133739.0
008 140529s2006 xxu||||| |||| 00| 0 por d
041 _apor
100 1 _aCardoso Nunes, Lina
_9209148
245 0 2 _aA abordagem reflexivo-dialógica na formaçao de formadores on-line: possibilidades e desafios
_c Lina Cardoso Nunes, Mirian Garfinkel
650 0 4 _aCibercultura
_9208116
700 1 _aGarfinkel, Mirian
_9209149
773 0 _tEducaçao e Filosofia
_gvol. 20, nº. 39, 2006, págs. 13-38
_wRev1534
942 _cAR
999 _c601473
_d601473